Top 15 most streamed A Boogie Wit da Hoodie songs - Statistics

General Stats
  • This quiz has been taken 71 times
  • The average score is 6 of 15
Answer Stats
Rank Streams Songs % Correct
1. 916,793,563 Drowning
89%
3. 764,243,319 Look Back at It
74%
4. 540,723,534 My Shit
70%
5. 404,146,472 Still Think About You
62%
6. 385,982,407 Jungle
60%
2. 813,064,484 Swervin
55%
10. 240,374,576 Secrets
53%
8. 262,855,596 Me and My Guitar
43%
7. 266,232,905 Startender
26%
12. 147,467,934 Just Like Me
23%
11. 183,461,218 Numbers
23%
15. 129,879,104 Timeless
23%
9. 255,390,477 Demons and Angels
17%
14. 130,663,172 Love Drugs and Sex
15%
13. 131,444,528 Beast Mode
13%
No matching quizzes found
Score Distribution
Percent of People with Each Score
Percentile by Number Answered
Your Score History
You have not taken this quiz